Death is now my Neighbor \ (Record no. 800401)

MARC details
000 -LEADER
fixed length control field 00443nam a22001697r 4500
003 - CONTROL NUMBER IDENTIFIER
control field 3228
005 - DATE AND TIME OF LATEST TRANSACTION
control field 20260612121950.0
008 - FIXED-LENGTH DATA ELEMENTS--GENERAL INFORMATION
fixed length control field 260612b sa ||||| |||| 00| 0 eng d
020 ## - INTERNATIONAL STANDARD BOOK NUMBER
International Standard Book Number <a href="9780330367851">9780330367851</a>
Qualifying information (pbk)
040 ## - CATALOGING SOURCE
Original cataloging agency RDA
Transcribing agency 2000
041 ## - LANGUAGE CODE
Language English
942 ## - ADDED ENTRY ELEMENTS
Creator ID 12584
Creator Name Sanelisiwe Majola
Modifier ID 12584
Modifier Name Sanelisiwe Majola
100 ## - MAIN ENTRY--PERSONAL NAME
Personal name Dexter , Colin
245 ## - TITLE STATEMENT
Title Death is now my Neighbor \
Statement of responsibility, etc. Dexter , Colin
260 ## - PUBLICATION, DISTRIBUTION, ETC.
Place of publication, distribution, etc. London:
Name of publisher, distributor, etc. MacMillian Publishers
Date of publication, distribution, etc. c1996
300 ## - PHYSICAL DESCRIPTION
Extent 413 Pages ;
Dimensions 18 cm
942 ## - ADDED ENTRY ELEMENTS
Source of classification or shelving scheme Library of Congress Classification
item type Book
Holdings
Withdrawn status Lost status Source of classification or shelving scheme Damaged status Not for loan Collection code Home library Current library Shelving location Date acquired Total Checkouts Full call number Barcode Date last seen Price effective from item type
    Library of Congress Classification     Fiction Phola PL (MMID-PLEM-PHOL) Phola PL (MMID-PLEM-PHOL) Fiction 12.06.2026   EF DEXT 140320 12.06.2026 12.06.2026 Book